| 000 | 00429nam a22001217a 4500 | ||
|---|---|---|---|
| 040 | _cNUST | ||
| 082 | _a297.07 MUH | ||
| 100 |
_aMuhammad Tahir Nawaz _991932 |
||
| 245 |
_aMoving Towards Happy Lane: _bPicking Up Fragrant Roses from The Field of Thorns: Searching Stress-Free Life from Stressful Environments |
||
| 260 |
_aISLAMABAD: _bNUST COLLEGE OF EME, _c2014. |
||
| 650 |
_aMoving Towards Happy Lane _991933 |
||
| 942 |
_2ddc _cBK |
||
| 999 |
_c590051 _d590051 |
||